000
00327nam a22001457a 4500
003
OSt
005
20160727222416.0
008
160625b xxu||||| |||| 00| 0 eng d
040
_c
TEST
100
_9
1123
_a
North, S
245
_a
The Wolfing
260
_a
N.Y
_b
E.P.Dutton &Co
_c
1969
300
_a
The Wolfing
942
_2
ddc
_c
BK
999
_c
907
_d
907